| 000 | 00512nam a2200193Ia 4500 | ||
|---|---|---|---|
| 005 | 20240823025203.0 | ||
| 008 | 240823s9999||||xx |||||||||||||| ||und|| | ||
| 020 | _a81-314-0592-3 | ||
| 041 | _aENGLISH | ||
| 082 | _A380.1 P6 | ||
| 100 | _aKaturi Nageswara Rao Ed. | ||
| 245 | 0 | _aGlobal Imbalances in Trade and Finance Issues and Perspectives | |
| 250 | _a1st | ||
| 260 |
_c2006 _bICFAI University |
||
| 500 | _aYES | ||
| 650 |
_aTrade and Finance _bManagement Studies |
||
| 942 | _cBK | ||
| 999 |
_c185719 _d185719 |
||